Score 0/42 Timer 04:00
0 Plays Today
Hint 4-Letter Word % Correct
Numbers 2, 4, 6, 8, e.g.EVEN
97.1%
To have viewedSEEN
96.4%
Connery, Diddy Combs, or PennSEAN
95.6%
✒ 'Back to you' on walkie-talkie ✒OVER
94.1%
Cooking chamberOVEN
93.7%
With 'for' = eternityEVER
93.5%
Czar, ____ the TerribleIVAN
92.4%
✒ Laundry presser ✒IRON
92.4%
Country once known as PersiaIRAN
92.2%
Longoria, Rachel Wood, or AlmightyEVAN
91.7%
Scandinavian men's nameSVEN
90.7%
Graceful, white water birdSWAN
90.5%
✒ An elevator direction ✒DOWN
89.7%
DaybreakDAWN
88.2%
To have cut the lawnMOWN
86.8%
Watery castle barrierMOAT
86.6%
Low sound of sufferingMOAN
86.3%
Tidy and orderlyNEAT
85.6%
Animal flesh eaten as foodMEAT
85.3%
Undulate side to sideSWAY
84.4%
✒ Gone from home ✒AWAY
82.5%
Hint 4-Letter Word % Correct
Structure for bird eggsNEST
81.5%
Done to one's own hornTOOT
80.2%
Salamander or GingrichNEWT
79.8%
1982 Disney sc-fi flickTRON
78.8%
Eliot or LochNESS
78.8%
Jogging gaitTROT
77.8%
✒ All that's fit to print ✒NEWS
75.7%
Beneath earth's crust & mantleCORE
75.1%
Army postFORT
72.5%
Mend socksDARN
72.1%
A wrong dealt with in civil courtTORT
71.3%
✒ Situated in front ✒FORE
69.3%
ChallengeDARE
59%
45.52-carat deep-blue diamondHOPE
46.9%
Long ecclesiastical cloakCOPE
43.4%
✒ Certain variety or class ✒TYPE
43.2%
Exaggerated publicityHYPE
42.6%
Editorial cartoonist ThomasNAST
34.9%
In Bible, weed resembling wheat TARE
34.1%
Ancient Phoenician cityTYRE
34.1%
✒✒ COMMON BOND ✒✒CAST
25.2%

Today's Daily Dose

Missing Word
'T' Pairs

Word Ladder
Game Pieces

Get the Picture
Baseball Movies

Remove Ads.
Support Sporcle.
Get the best of Sporcle when you Go Orange. This ad-free experience offers more features, more stats, and more fun while also helping to support Sporcle. Thank you for becoming a member.

You're not logged in!

Compare scores with friends on all Sporcle quizzes.
OR
Log In

Show Comments

Extras

Top Quizzes Today


Score Distribution

Your Account Isn't Verified!

In order to create a playlist on Sporcle, you need to verify the email address you used during registration. Go to your Sporcle Settings to finish the process.

Report this User

Report this user for behavior that violates our Community Guidelines.

Details: